000 01276cam a2200385 a 4500
001 000020111
003 DO-SdBNP
005 20170927082417.0
007 000020111
008 700702s2000 sp 000 f spa d
020 _a8481301213
040 _aBPMSU
_cspa
_dBPMSU
041 1 7 _aspa
082 0 4 _a823.912
_bH986m
100 1 _aHuxley, Aldous,
_d1894-1963
240 1 0 _aBrave new world.
_lEspañol
245 1 3 _aUn mundo feliz /
_cAldous Huxley ; traducción de Ramón Hernández.
260 _aSanto Domingo :
_bEl Siglo,
_c2000.
300 _a286 p. ;
_c21 cm.
490 1 _aMillenium, las 100 joyas del milenio ;
_v19
534 _aTítulo original: Brave new world.
650 4 _aNOVELA INGLESA
650 4 _aLITERATURA INGLESA
700 1 _aHernández, Ramón,
_etr.
830 0 _aMillenium, las 100 joyas del milenio ;
_v19
910 _aValidado. Control de calidad MFF
930 1 _lBND01
_mLF1
_820150213
_f01
_pOI
_g47057
930 1 _lBND01
_mLF1
_h823.912
_820100721
_f01
_pHD
_he.2
930 1 _lBND01
_mLF1
_h823.912
_820100721
_f04
_pHD
_h e.3
930 1 _lBND01
_mLF1
_h823.912
_820100721
_f04
_pHD
_he.4
942 _2ddc
_cBK
945 _aInventariado, 2017/MFF
956 _aVMATEO
_b10
_c20150226
_h00151
956 _aValidado. Control de calidad MFF
999 _c7518
_d7518